000 00852nam a2200205 a 4500
008 190927s2010 ||||||||||||||||| || u
050 _aPAP(05)EDM/2010/21/3
110 _aPractical Action Publishing
245 1 0 _aEnterprise development and microfinance: private sector delivery of basic services.
_cPractical Action Publishing
260 _aUnited Kingdom
_bPractical Action Publishing
_c2010
300 _avarious pagings.: illustrations.
490 _aEnterprise Development & Microfinance
490 _vvol. 21 No. 3
500 _aIncludes bibliographies
650 0 _aSMALL BUSINESS
650 _aMICROFINANCE
650 _aSMALL BUSINESS--GROWTH
650 _aSMALL BUSINESS--FINANCE
995 _FCBU-MAIN LIBRARY (Kitwe)
_M1
_UAVAILABLE
_WSep 27, 2019
_ZInternational Publications
999 _c42096
_d42096